| 000 | 00538nam a2200169 i 4500 | ||
|---|---|---|---|
| 001 | bg | ||
| 245 | 0 | _aFotomezonnye i fotojadernye reakcii i metodika issledovanija na sinchrotrone. | |
| 260 |
_aMoskwa : _bIzdat. "Nauka", _c1971. |
||
| 300 | _as. 257, 3 nlb. | ||
| 490 | 1 |
_aTrudy Oredena Lenina Fiziceskogo Inst. im. P. N. Lebedeva ; _vTom 54 |
|
| 830 | _aTrudy Oredena Lenina Fiziceskogo Inst. im. P. N. Lebedeva ; | ||
| 040 | _cBPK | ||
| 041 | _apol | ||
| 080 | _a539.126 | ||
| 942 | _cKS | ||
| 008 | s pl f |000 0 pol | ||
| 999 |
_c9284 _d9284 |
||
| 856 |
_uhttp://koha.tu.koszalin.pl/cgi-bin/koha/opac-detail.pl?biblionumber=9284 _yKatalog online BPK |
||